Prénoms masculins les plus donnés en 2010 - Statistiques

Statistiques générales
  • Ce quiz a été pris 689 fois
  • Le résultat moyen est 59 sur 100
Statistiques - réponses
Réponse % Correct
8 L Léo
94%
4 L Louis
92%
62 L Luca
90%
2 N Nathan
89%
14 T Théo
88%
3 H Hugo
87%
6 J Jules
87%
1 L Lucas
87%
20 P Paul
86%
19 T Thomas
85%
50 J Julien
84%
29 Q Quentin
83%
11 G Gabriel
81%
9 T Tom
81%
30 A Alexandre
80%
13 A Antoine
80%
10 M Maxime
80%
12 M Mathis
79%
41 N Noa
79%
59 P Pierre
77%
5 R Raphaël
77%
33 V Valentin
77%
34 R Romain
76%
35 V Victor
75%
7 C Clément
74%
96 W William
74%
16 E Enzo
73%
32 M Mathéo
73%
21 B Baptiste
72%
15 A Arthur
71%
26 A Alexis
70%
17 E Ethan
70%
25 N Noah
70%
27 N Noé
70%
97 Y Yann
70%
54 M Mathieu
69%
23 A Axel
67%
98 J Jean
65%
18 M Maël
65%
45 M Martin
65%
44 Y Yanis
65%
55 B Bastien
64%
36 M Matteo
63%
86 N Nicolas
63%
39 B Benjamin
61%
83 C Charles
61%
58 K Kylian
61%
24 T Timéo
61%
22 M Maxence
60%
37 N Nolan
60%
47 S Samuel
60%
49 A Adrien
59%
63 F Florian
59%
31 G Gabin
59%
40 S Simon
59%
56 C Corentin
58%
69 O Oscar
55%
28 E Evan
54%
84 L Liam
54%
38 S Sacha
53%
66 T Thibault
53%
87 T Timothé
52%
48 A Adam
51%
93 D Dylan
51%
52 E Eliott
51%
65 M Matéo
50%
77 G Gaspard
49%
89 M Mathias
49%
46 R Robin
49%
74 M Matthieu
48%
53 E Estéban
47%
42 T Titouan
46%
51 T Tristan
46%
57 D Dorian
45%
43 M Mathys
45%
61 A Antonin
44%
79 M Malo
44%
85 R Rémi
42%
95 L Louka
41%
76 M Marius
41%
99 L Loic
40%
68 A Augustin
39%
82 A Aurélien
38%
80 N Naël
37%
64 L Lilian
35%
81 T Tiago
34%
78 N Nathanaël
33%
75 A Aaron
32%
94 I Ilan
32%
67 L Lenny
32%
91 T Timothée
31%
92 A Alban
30%
71 E Erwan
30%
72 L Loan
30%
70 A Amaury
28%
73 L Lorenzo
28%
90 R Ruben
28%
60 L Loris
27%
100 L Lois
26%
88 E Ewen
19%
Aucun quiz correspondant
Distribution des résultats
% des personnes avec chaque résultat
Percentile par nombre de réponses
Votre historique - résultats
Vous n’avez pas pris ce quiz